Cinco aspectos del amor conyugal: preparación y orientación para el matrimonio cristiano.
Salvato in:
| Autore principale: | |
|---|---|
| Natura: | Libro |
| Lingua: | spagnolo |
| Pubblicazione: |
Madrid, España
Ifac
1966
|
| Edizione: | Segunda edición |
| Soggetti: | |
| Tags: |
Aggiungi Tag
Nessun Tag, puoi essere il primo ad aggiungerne!!
|
MARC
| LEADER | 00000nam a2200000 a 4500 | ||
|---|---|---|---|
| 001 | UCR3178 | ||
| 003 | CL-VaPUC | ||
| 005 | 20250227130627.0 | ||
| 008 | 980123e19660000SP |||||||||||||||||spa|d | ||
| 999 | |c 266275 |d 266273 | ||
| 040 | |c Pontificia Universidad Católica de Valparaíso | ||
| 082 | 0 | 4 | |a 248.4 GAS 1966 |2 21 |
| 100 | 0 | |a Gassó, Don J. M |9 402028 | |
| 245 | 1 | 0 | |a Cinco aspectos del amor conyugal: preparación y orientación para el matrimonio cristiano. |
| 250 | |a Segunda edición | ||
| 260 | 0 | 3 | |a Madrid, España |b Ifac |c 1966 |
| 300 | |a 248 páginas. | ||
| 583 | |a last modification |c 19980123 00:00:00 |k Rodrigo Vera | ||
| 650 | 0 | |a Vida cristiana |9 258753 | |
| 650 | 7 | |a MATRIMONIO |2 CL-VaPUC |9 402029 | |
| 650 | 0 | |a Amor conyugal |9 395289 | |
| 650 | 0 | |a Sacramentos |9 257270 | |
| 650 | 0 | |a Sexualidad |9 358183 | |
| 650 | 7 | |a EMBARAZO |2 CL-VaPUC |9 308235 | |
| 650 | 7 | |a CASTIDAD |2 CL-VaPUC |9 330854 | |
| 650 | 0 | |a Adulterio |9 320729 | |
| 650 | 0 | |a Aborto |9 256680 | |
| 650 | 7 | |a CELOS |2 CL-VaPUC |9 335132 | |
| 650 | 7 | |a SEPARACION |2 CL-VaPUC |9 328671 | |
| 942 | |c BK |2 ddc | ||
| 945 | |d 19980123 00:00:00 |a rleighto | ||
| 952 | |0 0 |1 0 |2 ddc |4 0 |6 248_400000000000000_GAS_1966 |7 0 |8 A |9 297699 |a BIBTEO |b BIBTEO |d 2019-11-20 |i 3369307 |o 248.4 GAS 1966 |p 3369307 |r 2025-01-17 |t 1 |w 2019-11-20 |y BK |k ICR | ||